Detalles MARC
| 000 -LÍDER |
| Campo fijo de descripción fija |
02287aam a2200349 i 4500 |
| 001 - NÚMERO DE CONTROL |
| Campo de control |
768714001 |
| 003 - IDENTIFICADOR DEL NÚMERO DE CONTROL |
| Campo de control |
CO-MdFUSB |
| 005 - FECHA Y HORA DE LA ULTIMA TRANSACCIÓN |
| control field |
20231116112041.0 |
| 007 - CAMPO FIJO DE DESCRIPCIÓN FIJA--INFORMACIÓN GENERAL |
| Campo fijo de descripción fija |
ta |
| 008 - ELEMENTOS DE LONGITUD FIJA -- INFORMACIÓN GENERAL |
| Campo fijo de descripción fija -- Información general |
230920t1976 -usa|||| |||| 00| 0 eng d |
| 020 ## - NÚMERO INTERNACIONAL NORMALIZADO PARA LIBROS |
| Número Internacional Normalizado del libro |
0804222355 |
| 040 ## - FUENTE DE CATALOGACIÓN |
| Idioma de catalogación |
spa. |
| Agencia de catalogación original |
CO-MdFUSB |
| Agencia que realiza la transcripción |
CO-MdFUSB |
| Agencia que realiza la modificación |
CO-MdFUSBC |
| Convenciones de la descripción |
rda |
| 041 ## - CÓDIGO DE IDIOMA |
| Código de idioma para texto/pista de sonido o título separado |
eng |
| Código de idioma original |
fre |
| 082 04 - NÚMERO DE CLASIFICACIÓN DECIMAL DEWEY |
| Número de clasificación |
253.52 |
| Número de la edición del Dewey |
23 |
| Clave de autor-Numero de item |
T728 |
| 100 1# - ASIENTO PRINCIPAL--NOMBRE PERSONAL |
| Nombre personal |
Tournier, Paul (1898-) |
| Término relacionador |
autor |
| 240 ## - TITULO UNIFORME |
| Título uniforme |
<a href="Difficultés cunjugales">Difficultés cunjugales</a> |
| 245 10 - TÍTULO |
| Título del Material |
To understand each other |
| Mención de responsabilidad, etc. |
/ Paul Tournier ; traducido por John S. Gilmour |
| 264 #1 - PRODUCCIÓN, PUBLICACIÓN, DISTRIBUCIÓN, MANUFACTURA, Y COPYRIGHT |
| Lugar de producción, publicación, distribución, manufactura |
Richmond, Virginia, USA : |
| Nombre del productor, publicador, distribuidor |
John Knox Press, |
| Fecha de producción, publicación, distribución, manufactura, o copyright |
[1967] |
| 264 #4 - PRODUCCIÓN, PUBLICACIÓN, DISTRIBUCIÓN, MANUFACTURA, Y COPYRIGHT |
| Fecha de producción, publicación, distribución, manufactura, o copyright |
© 1967 |
| 300 ## - DESCRIPCIÓN FÍSICA |
| Extensión |
63 páginas |
| Dimensiones |
; 21 cm |
| 336 ## - TIPO DE CONTENIDO |
| Término de tipo de contenido |
texto |
| Código de tipo de contenido |
txt |
| Fuente |
rdacontent |
| 337 ## - TIPO DE MEDIO |
| Fuente |
rdamedia |
| Nombre del tipo de medio |
sin mediación |
| Código del tipo de medio |
n |
| 338 ## - TIPO DE SOPORTE |
| Fuente |
rdacarrier |
| Nombre del tipo de soporte |
volumen |
| Código Tipo de soporte |
nc |
| 505 ## - NOTA DE CONTENIDO |
| Nota de contenido con formato preestablecido |
Para lograr la comprensión, necesitamos quererla. -- ¡Mi marido es una isla misteriosa! -- Para lograr la comprensión, necesitamos expresarnos. -- Para lograr la comprensión, necesitamos coraje. --ra lograr la comprensión, debemos aceptar nuestras diferencias naturales. --Para lograr la comprensión, debemos admitir cuán diferentes son los sexos. -- Para lograr la comprensión, debemos admitir nuestras diferencias en el amor mismo. -- Necesitamos entender para ayudarnos unos a otros. -- Para comprender, debemos captar la importancia del pasado. -- Comprensión completa: llama a la sumisión personal a Jesucristo<br/> |
| 520 ## - NOTA DE RESUMEN, ETC. |
| Nota de sumario, etc. |
Cuando hablamos de asesoramiento matrimonial pensamos inmediatamente en los casos extremos, en las amenazas de divorcio, en las parejas en disputas violentas que frecuentemente llegan a las manos, afirma Paul Tournier. Pero hay muchas otras parejas cuyos matrimonios no son menos un fracaso. Viven uno al lado del otro, sin hacerse daño unos a otros, pero en polos opuestos, debido a que no se entienden realmente entre sí. Según Tournier, la capacidad de comprenderse mutuamente es lo que cuenta para lograr juntos la felicidad conyugal. Con sabiduría y calidez, Tournier sugiere formas de lograr esta comprensión. |
| 563 ## - NOTA DE ENCUADERNACIÓN |
| Nota de encuadernación |
Pasta dura |
| 650 #7 - ASIENTO SECUNDARIO DE MATERIA - TERMINO TEMÁTICO |
| Término temático o nombre geográfico como elemento de entrada |
Matrimonio |
| 9 (RLIN) |
291 |
| Término temático que sigue al nombre geográfico como elemento de entrada |
Cristianismo |
| Subdivisión general |
Aspectos religiosos |
| 700 ## - ASIENTO SECUNDARIO - NOMBRE PERSONAL |
| 9 (RLIN) |
8446 |
| Nombre personal |
Gilmour, John S., |
| Responsabilidad |
traductor |
| 942 ## - TIPO DE MATERIAL (KOHA) |
| Tipo de Item KOHA |
Libros General |
| 945 ## - INFORMACIÓN LOCAL DEL REGISTRO |
| Catalogador |
JTF-925 |